Manual for surveying national scientific and technological potential.

Uloženo v:
Podrobná bibliografie
Korporativní autor: Unesco
Médium: Kniha
Jazyk:English
Vydáno: Paris, France : Lanham, MD : Unesco ; UNIPUB [distributor], 1990.
Vydání:2nd ed.
Edice:Science policy studies and documents ; no. 67
Témata:
LEADER 01096cam a2200289 a 4500
001 c000189526
003 CARM
005 20051212143004.0
008 910621s1990 fr a bf i000 0 eng
010 |a 92160058 
019 1 |a 26719113  |z 7969988  |5 LACONCORD2021 
020 |a 9231024353 
035 |a (OCoLC)23441301  |5 LACONCORD2021 
040 |a LC  |b eng  |c LC  |d LC 
050 0 0 |a Q125  |b .U475 no. 67  |a Q148 
082 0 4 |a 338.926 
110 2 |a Unesco. 
245 1 0 |a Manual for surveying national scientific and technological potential. 
250 |a 2nd ed. 
260 |a Paris, France :  |b Unesco ;  |a Lanham, MD :  |b UNIPUB [distributor],  |c 1990. 
300 |a 197 p. :  |b ill ;  |c 30 cm. 
440 0 |a Science policy studies and documents ;  |v no. 67 
504 |a Includes bibliographical references: (p. 197) 
650 0 |a Scientific surveys  |v Handbooks, manuals, etc. 
852 8 |b CARM  |h A2:AM37B0  |i F00348  |p 0266563  |f BK 
999 f f |i 7d284abf-d62b-580d-8ee2-ee66e7e58ba8  |s 2db217d4-32e1-5927-ae6e-be2565aa19a0 
952 f f |p Can circulate  |a CAVAL  |b CAVAL  |c CAVAL  |d CARM 1 Store  |e F00348  |f A2:AM37B0  |h Other scheme  |i book  |m 0266563